Maranatha: ritos funerarios de las mujeres y los orígenes del cristianismo
Guardat en:
| Autor principal: | |
|---|---|
| Format: | Llibre |
| Idioma: | espanyol |
| Publicat: |
Estella
Verbo Divino
2011
|
| Edició: | 1a. ed |
| Col·lecció: | Ayopa, 30
|
| Matèries: | |
| Etiquetes: |
Afegir etiqueta
Sense etiquetes, Sigues el primer a etiquetar aquest registre!
|
MARC
| LEADER | 00000cam a2200000 a 4500 | ||
|---|---|---|---|
| 001 | UCC2589 | ||
| 003 | CL-VaPUC | ||
| 008 | 180309e20110000sp |||||||||||||||||spa|d | ||
| 020 | |a 9788499451756 | ||
| 082 | 0 | 4 | |a 232.97 |b COR |2 21 |
| 100 | 0 | |a Corley, Kathleen E |e author |9 596652 | |
| 245 | 1 | 0 | |a Maranatha: ritos funerarios de las mujeres y los orígenes del cristianismo |
| 250 | |a 1a. ed | ||
| 300 | |a 350 p | ||
| 942 | |c BK | ||
| 945 | |d 20180309 22:06:00 |a arojas | ||
| 260 | |a Estella |b Verbo Divino |c 2011 | ||
| 650 | 7 | |a RITOS FUNERARIOS |2 CL-VaPUC |9 458661 | |
| 650 | 0 | |a Resurrección de Jesús |9 314391 | |
| 650 | 0 | |a Teología cristiana |9 308336 | |
| 650 | 0 | |a Cristianismo |9 257361 | |
| 583 | |a last modification |c 20180309 22:06:00 |k Rodrigo Vera | ||
| 490 | 0 | |a Ayopa, 30 | |
| 999 | |c 370651 |d 370649 | ||
| 952 | |0 0 |1 0 |3 erd |4 0 |6 232_970000000000000_COR_2011 |7 0 |8 A |9 487222 |a BIBTEO |b BIBTEO |i 5453070 |o 232.97 COR 2011 |p 5453070 |r 2025-01-17 |w 2019-11-24 |y BK |z Catalogado en:20180309 |k ICR | ||